000 00683nam a2200205Ia 4500
001 3139
003 GE_BSU
008 181216s||||||||xx |||||||||||||| ||und||
040 _cGE_BSU
080 _a624.014
100 _aСахновский,М.М.
245 _aЛегкие конструкции стальных каркасов зданий и сооружений.
245 _cРед. Т.Ю.Копачевская.
260 _aК.
260 _bБудивельник.
260 _c1984.
300 _a160 стр. илл. 20 см.
653 _aЛегкие конструкции стальных каркасов зданий и сооружений.
942 _cBK
999 _c37183
_d37183